000 00352nam a2200157Ia 4500
008 210210b1905 xxu||||| |||| 00| 0 eng d
041 _aeng
082 _a823/317
100 _aSHAKESPEARE (William)
245 _aTwelfth night
260 _aLondon
_b-
_c1905
650 _aTwelfth
650 _anight
690 _aEnglish Drama
906 _a013861
999 _c132929
_d132929